Dopad aplikace pravidel BASEL III na profitabilitu bankovních klientů

Dopad najnovších doporučení tretej generácie pravidiel BASEL III na výšku kapitálovej primeranosti bánk a premietnutie týchto opatrení na výšku profitability firemných klientov bánk

Na minha lista:
Detalhes bibliográficos
Autor principal: Křečková, Štěpánka
Formato: Capítulo de Livro
Idioma:tcheco
Assuntos:
Tags: Adicionar Tag
Sem tags, seja o primeiro a adicionar uma tag!

MARC

LEADER 00000naa a2200000 4500
001 0229516
005 20220805073702.5
041 0 |a cze 
044 |a SK 
245 1 0 |a Dopad aplikace pravidel BASEL III na profitabilitu bankovních klientů  |c Štěpánka Křečková 
520 |a Dopad najnovších doporučení tretej generácie pravidiel BASEL III na výšku kapitálovej primeranosti bánk a premietnutie týchto opatrení na výšku profitability firemných klientov bánk 
610 2 0 |a primeranosť kapitálová 
610 2 0 |a banky 
610 2 0 |a regulácia finančná 
610 2 0 |a riziko bankové 
610 2 0 |a kapitál rizikový 
100 1 |a Křečková, Štěpánka